| 000 | 01309cam a22003978i 4500 | ||
|---|---|---|---|
| 999 |
_c7559 _d7559 |
||
| 001 | 20342468 | ||
| 003 | GZU | ||
| 005 | 20210511113700.0 | ||
| 008 | 180202s2018 enk b 001 0 eng | ||
| 010 | _a 2018000986 | ||
| 020 | _a9781292209173 (print) | ||
| 020 | _z9781292209197 (pdf) | ||
| 020 | _z9781292209203 (epub) | ||
| 040 |
_aDLC _beng _erda _cDLC |
||
| 042 | _apcc | ||
| 050 | 0 | 0 |
_aHF5635 _b.W8633 2010 |
| 082 | 0 | 0 |
_a657 _223 |
| 100 | 1 |
_aWood, Frank, _d1926-2000, _eauthor. |
|
| 245 | 1 | 0 |
_aFrank Wood's business accounting 2 / _cAlan Sangster, BA, MSc, PhD, Cert TESOL, CA ; formerly authored by Frank Wood, BSc (Econ), FCA. |
| 246 | 3 | _aFrank Wood's business accounting two | |
| 246 | 3 | _aBusiness accounting 2 | |
| 246 | 3 | _aBusiness accounting two | |
| 250 | _aEleventh edition. | ||
| 263 | _a1802 | ||
| 264 | 1 |
_aNew Delhi ; _bPearson, _c[2010] |
|
| 300 | _a808p. : | ||
| 336 |
_atext _btxt _2rdacontent |
||
| 337 |
_aunmediated _bn _2rdamedia |
||
| 338 |
_avolume _bnc _2rdacarrier |
||
| 504 | _aIncludes bibliographical references and index. | ||
| 650 | 0 | _aAccounting. | |
| 700 | 1 |
_aSangster, Alan, _eauthor. |
|
| 906 |
_a7 _bcbc _corignew _d1 _eecip _f20 _gy-gencatlg |
||
| 942 |
_2lcc _cBK _e11th _h5635 _iWOO _kHF _m2010 |
||